| 000 | 00602nam a22001937a 4500 | ||
|---|---|---|---|
| 005 | 20140919152048.0 | ||
| 010 | _aBAC-EN21 | ||
| 020 |
_a8121940745 _c200.00 |
||
| 020 |
_a9788121940740 _c200.00 |
||
| 037 |
_aDPL _bTechniz/Ven |
||
| 100 | _aSingh, O.P. | ||
| 245 |
_aArt of effective communication in Group Discussion and Interview: _cby O.P.Singh _bfor competitive examinations / |
||
| 250 | _a2nd rev.ed | ||
| 260 |
_aNew Delhi _bS. Chand and Company _c2013 |
||
| 270 |
_a7361, Ram Nagar _bNew Delhi _e110055 |
||
| 300 |
_a273p.: _c22cm(pbk) _bill. |
||
| 942 |
_2ddc _cEN |
||
| 999 |
_c88834 _d88834 |
||